Principles of accounting / (Record no. 1685)

MARC details
000 -LEADER
fixed length control field 01794cam a2200241 a 4500
020 ## - INTERNATIONAL STANDARD BOOK NUMBER
ISBN 9781439037744 (student ed.)
020 ## - INTERNATIONAL STANDARD BOOK NUMBER
ISBN 1439037744 (student ed.)
020 ## - INTERNATIONAL STANDARD BOOK NUMBER
ISBN 9780538755283 (instructors ed.)
020 ## - INTERNATIONAL STANDARD BOOK NUMBER
ISBN 0538755288 (instructors ed.)
020 ## - INTERNATIONAL STANDARD BOOK NUMBER
ISBN 9780538755191 (looseleaf ed.)
020 ## - INTERNATIONAL STANDARD BOOK NUMBER
ISBN 0538755199 (looseleaf ed.)
050 00 - CALL NUMBER
Classification number HF5635
Item number .N35 2010
100 1# - AUTHOR
Personal name Needles, Belverd E.
245 10 - TITLE
Title Principles of accounting /
Statement of responsibility, etc Belverd E. Needles, Marian Powers, Susan V. Crosson.
250 ## - EDITION
Edition statement 11e [ed.].
260 ## - PUBLICATION INFORMATION
Place of publication Mason, Ohio :
Name of publisher Cengage Learning,
Year of publication c2011.
300 ## - DESCRIPTION
Number of Pages xxxii, 1295 p. :
Other physical details col. ill. ;
Dimensions 29 cm.
505 ## - FORMATTED CONTENTS NOTE
Table of Content use of accounting information and the financial statements<br/>analyzing business transactions<br/>measuring business income<br/>completing the accounting cycle<br/>financial reporting and analysis<br/>how to read an annual report<br/>the operating cycle and merchandising operations<br/>special purpose journals<br/>internal control<br/>inventories<br/>cash and receivables<br/>current liabilities and fair value accounting<br/>long term assets <br/>contributed capital<br/>long term liabilities<br/>The corporate income statement and the statement of stockholders' equity<br/>the statement of cash flows<br/>financial performance measurement<br/>partnerships<br/>the changing business environment: a manager's perspective<br/>cost concepts and cost allocation<br/>costing systems: job order costing<br/>Costing systems: process costing<br/>Value based systems:ABM and Lean<br/>cost behaviour analysis<br/>the budgeting process<br/>performance management and evaluation<br/>standard costing and variance analysis<br/>short run decision analysis<br/>capital investment analysis<br/>accounting for investment<br/>present value tables
650 #0 - SUBJECTS
Topical Term Accounting.
700 1# - OTHER AUTHORS
Personal name Powers, Marian.
700 1# - OTHER AUTHORS
Personal name Crosson, Susan V.
942 ## - ADDED ENTRY ELEMENTS (KOHA)
Koha item type Books
Holdings
Withdrawn status Lost status Collection code Home library Current library Shelving location Date acquired Full call number Accession Number Koha item type
    Reference Methodist University Library Main Methodist University Library Main General Stacks 01/11/2013 HF5635 .N35 2010 39019 Books
Copyright © 2026  MUG Library